| 000 | 00583nam a22002297a 4500 | ||
|---|---|---|---|
| 005 | 20231003121834.0 | ||
| 008 | 190610b1998 xxu||||| |||| 00| 0 spa d | ||
| 020 | _a9788401459313 | ||
| 041 | _aESP | ||
| 082 | _a303.49 T644s | ||
| 100 |
_aToffler, Alvin _954232 |
||
| 245 | _aEl shock del futuro | ||
| 260 | _aEspaña | ||
| 260 | _bPlaza & Janés Editores | ||
| 260 | _c1993 | ||
| 300 | _a539 páginas | ||
| 650 | _aPRONÓSTICOS SOCIALES | ||
| 650 | _aTECNOLOGÍA | ||
| 650 | _aFUTURO | ||
| 650 | _aESTRATEGIAS DE SUPERVIVENCIA | ||
| 942 |
_cBK _2ddc |
||
| 999 |
_c12028 _d12028 |
||